000 00664nam a2200229 a 4500
001 69125
003 BD-RjUL
005 20211209081842.0
008 170410s1964 Paka|||| |||| 001 0 eng d
035 _a(BD-RjUL) 69336
040 _aBD-RjUL
_beng
_cBD-RjUL
_dBD-RjUL
041 _aeng
082 _223
_a910.02
_bRAG 1964
100 _aRathor, A.H.
_9204778
245 _aGeneral & Physical Geography /
_cA. H. Rathor & Rev. by M. M. Aslam
260 _aLahore :
_bM.R.Brothers,
_c1964.
300 _a152 p. :
_bill. ;
_c20 cm.
500 _aIncludes Index.
650 _aPhysical Geography
_9204779
700 _aRev. by Aslam, M. M.
_9204780
942 _2ddc
_cBK
999 _c69125
_d69125